000 003140000a22000970004500
100 1 _aMonsma, Timothy
245 1 0 _aIt's more helpful to distinguish between homogeneous units and people groups
300 _aVol. 2, Núm 3 (1985), Páginas 246-253
773 0 _tInternational Journal of Frontier Misions
942 _cANA
999 _c55094
_d55094